Cálculo y resolución de problemas : cuentas claras. Guía de aprendizaje. Nivel inicial.

Tallennettuna:
Bibliografiset tiedot
Päätekijä: Jara Arancibia, Gema coord, (autor)
Muut tekijät: Sculmaister Lagos, Monica Ines, [et al.] (autor) [et al.], (autor)
Aineistotyyppi: Kirja
Kieli:espanja
Aiheet:
Tagit: Lisää tagi
Ei tageja, Lisää ensimmäinen tagi!

MARC

LEADER 00000nam^a2200000^u^4500
001 000500422
005 20250521000000.0
008 071206s1000^^^^^^^^^^^^r^^^^^000^0^spa^d
009 20260310125741.175
022 |a 970180161X 
035 |a FCE 000044510 
037 |a Acervo ITESO - Biblioteca 
041 |a spa 
082 0 4 |a 374.26  |b SEAc 
100 |a Jara Arancibia, Gema,  |e coord  |e (autor) 
245 1 0 |a Cálculo y resolución de problemas :  |b cuentas claras. Guía de aprendizaje. Nivel inicial. 
264 |a México :  |b SEP, Programa Secundaria a Distancia para Adultos : ILCE,  |c 1998. 
300 |a 398 p. :  |b il., col. 
336 |a texto  |b txt  |2 rdacontenido 
337 |a sin mediación  |b n  |2 rdamedio 
338 |a volumen  |b nc  |2 rdasoporte 
649 |a XX 
650 |a Educación de adultos 
650 |a Educación a distancia 
650 |a Enseñanza de las matemáticas 
650 |a Matemáticas 
650 |a Estudio 
650 |a Guía de estudios 
650 |a México 
700 |a Sculmaister Lagos, Monica Ines,  |e [et al.]  |e (autor) 
910 |a Fondo Centro de Estudios Educativos 
920 |a Impresos - Libros 
930 |a Fondos Especiales 
905 |a 133 
901 |a ALE051637  |b IT2  |c CEE  |u 20250521 
901 |a ALE051638  |b IT2  |c CEE  |u 20250521 
902 |a https://opac.biblio.iteso.mx/vufind/Record/000500422